5HLuxD.jpg

KING HENRY VIII SENIOR AND PRIMARY SCHOOL LIBRARY OPAC

Freshwater biomes (Record no. 5898)

000 -LEADER
fixed length control field 01298nam a22003017a 4500
003 - CONTROL NUMBER IDENTIFIER
control field OSt
005 - DATE AND TIME OF LATEST TRANSACTION
control field 20251127095526.0
008 - FIXED-LENGTH DATA ELEMENTS--GENERAL INFORMATION
fixed length control field 251127b ||||| |||| 00| 0 eng d
020 ## - INTERNATIONAL STANDARD BOOK NUMBER
International Standard Book Number 9780778740476
040 ## - CATALOGING SOURCE
Transcribing agency KH8
082 04 - DEWEY DECIMAL CLASSIFICATION NUMBER
Classification number 577.6 SPI
100 1# - MAIN ENTRY--PERSONAL NAME
Personal name Spilsbury, Louise
Relator term author
245 10 - TITLE STATEMENT
Title Freshwater biomes
Statement of responsibility, etc. Louise and Richard Spilsbury
264 #1 - PRODUCTION, PUBLICATION, DISTRIBUTION, MANUFACTURE, AND COPYRIGHT NOTICE
Place of production, publication, distribution, manufacture St. Catharines, ON
-- New York, NY
Name of producer, publisher, distributor, manufacturer Crabtree Publishing Company
Date of production, publication, distribution, manufacture, or copyright notice 2018
264 #4 - PRODUCTION, PUBLICATION, DISTRIBUTION, MANUFACTURE, AND COPYRIGHT NOTICE
Date of production, publication, distribution, manufacture, or copyright notice ©2017
300 ## - PHYSICAL DESCRIPTION
Extent 32 pages
Other physical details color illustrations, color maps
Dimensions 29 cm
500 ## - GENERAL NOTE
General note First published in 2017 by Wayland."
520 ## - SUMMARY, ETC.
Summary, etc. "This beautiful book gives readers core information about freshwater biomes in rivers, lakes, wetlands, and estuaries. Find out where each kind is found, how animals and plants have adapted to life in and around water, who lives near these waterways, and how humans impact life there."--
Assigning source Provided by publisher.
521 1# - TARGET AUDIENCE NOTE
Target audience note Ages 8-11.
521 2# - TARGET AUDIENCE NOTE
Target audience note Grades 4 to 6.
650 #0 - SUBJECT ADDED ENTRY--TOPICAL TERM
Topical term or geographic name entry element Freshwater ecology
Form subdivision Juvenile literature.
650 #0 - SUBJECT ADDED ENTRY--TOPICAL TERM
Topical term or geographic name entry element Freshwater habitats
Form subdivision Juvenile literature.
650 #0 - SUBJECT ADDED ENTRY--TOPICAL TERM
Topical term or geographic name entry element Freshwater biodiversity conservation
Form subdivision Juvenile literature.
655 #7 - INDEX TERM--GENRE/FORM
Genre/form data or focus term Literature.
700 1# - ADDED ENTRY--PERSONAL NAME
Personal name Spilsbury, Richard
Relator term author
942 ## - ADDED ENTRY ELEMENTS (KOHA)
Source of classification or shelving scheme
Koha item type Books - Non Ficton
Holdings
Withdrawn status Lost status Source of classification or shelving scheme Damaged status Not for loan Collection code Permanent Location Current Location Shelving location Date acquired Total Checkouts Full call number Barcode Date last seen Date last checked out Price effective from Koha item type Public note
          Non-Fiction KH8 Primary School Library KH8 Primary School Library Non Fiction 2025-11-27 1 577.6 SPI 3KHPL000002329 2026-03-19 2026-03-12 2025-11-27 Books - Non Ficton PRIMARY LIBRARY

Powered By KH8 IT Dept